000 00909nab a2200289 4500
003 BR-BrBNA
005 20250401162648.0
008 250401b bl.||||| |||| 00| 0 por d
040 _aBR-BrBNA
_bpor
072 _aL01 ; Q02 ; P01
_b5213 ; 1910
100 _aZepper, Paulo
100 _aCaldeira, Zeca
245 _aO hambúrguer orgânico da Friboi
_bAgronegócios
500 _a2 illus.
650 _aGADO DE CORTE
650 _aPASTAGEM NATURAL
650 _aMANEJO
650 _aSUSTENTABILIDADE
650 _aALIMENTO ORGÂNICO
650 _aCARNE TRATADA
650 _aHAMBÚRGUER
650 _aFRIGORÍFICO
650 _aMATO GROSSO
773 0 _01706
_9346302
_dSão Paulo-SP Editora Três Ltda - E-mail: luizfsa@revistadinheiro.com.br 2004
_o2024-6956
_tDinheiro Rural (Brazil)
_x1807-3700
_gv. 3(20) p. 56-57; (Jun 2006)
_wBR2025000440
942 _cANA
999 _c330781
_d330781